000 00639cam a22002052 4500
001 0000025235
005 20151217145954.0
008 150326s xx 000 0 eng d
020 _a9351451013 :
040 _aKABU
_cKABU
100 1 _aPillai, K.N. Chandrasekharan.
_@0000185589
245 1 0 _aR.V. Kelkar's criminal procedure /
_c K.N. Chandrasekharan Pillai.
250 _a6th ed.
260 _aLucknow :
_bEastern Book Company,
_c2014.
300 _acxxvii, 940 p.
650 0 _aCriminal procedure
_zIndia.
_@0000185590
852 1 _9p2632.50 KES
908 _a150326
950 _@1
999 _c4645
_d4645